[Event "Banff op U1600"]
[Site "Banff CAN"]
[Date "2022.11.12"]
[Round "3.59"]
[White "Fang, Chelsea"]
[Black "Nguyen, Dennis"]
[Result "0-1"]
[WhiteElo "1039"]
[BlackElo "1028"]
[PlyCount "140"]
[EventDate "2022.11.11"]
[EventType "swiss"]
[EventRounds "6"]
[EventCountry "CAN"]

1. d4 d5 2. c4 c6 3. Nc3 Nf6 4. Nf3 Bf5 5. e3 e6 6. Be2 Bb4 7. Bd2 O-O 8. O-O
a5 9. h3 Nbd7 10. c5 b6 11. cxb6 Nxb6 12. Ne5 Qd6 13. a3 Bxc3 14. Bxc3 Ne4 15.
Qb3 Nxc3 16. Qxc3 Rfc8 17. Rac1 Ra7 18. Qc5 Qxc5 19. dxc5 Nd7 20. Nxd7 Rxd7 21.
Bg4 Bxg4 22. hxg4 Rb8 23. Rb1 Rb5 24. b4 axb4 25. axb4 Rdb7 26. Rfc1 Rxb4 27.
Ra1 Rb8 28. f3 h6 29. Ra6 Rc8 30. Rb6 Ra4 31. Rcb1 Ra3 32. Rb8 Ra8 33. Rxa8
Rxa8 34. Rb7 Ra5 35. Rb8+ Kh7 36. Rc8 Rxc5 37. Rc7 Kg6 38. f4 f5 39. gxf5+ exf5
40. Rd7 Rc3 41. Rd6+ Kh7 42. Kf2 Rc2+ 43. Kf3 Rc3 44. Rd7 Rc1 45. Rd6 g5 46.
Rd7+ Kg6 47. Rd6+ Kh5 48. Kg3 Rc3 49. Re6 d4 50. fxg5 hxg5 51. Kf2 dxe3+ 52.
Rxe3 Rxe3 53. Kxe3 Kg4 54. Kf2 c5 55. Ke3 Kg3 56. Kd3 Kxg2 57. Kc4 f4 58. Kxc5
f3 59. Kd5 f2 60. Ke5 f1=Q 61. Kd6 Qf5 62. Kc7 Qe6 63. Kd8 Qf7 64. Kc8 Qe7 65.
Kb8 Qd7 66. Ka8 Kf3 67. Kb8 Ke4 68. Ka8 Kd5 69. Kb8 Kc6 70. Ka8 Qb7# 0-1

[Event "Banff op U1600"]
[Site "Banff CAN"]
[Date "2022.11.12"]
[Round "4"]
[White "Ratte, Daniel"]
[Black "McCoshen, Ricky"]
[Result "0-1"]
[WhiteElo "1436"]
[BlackElo "1618"]
[PlyCount "60"]
[EventDate "2022.11.11"]
[EventType "swiss"]
[EventRounds "6"]
[EventCountry "CAN"]

1. e4 e6 2. d4 d5 3. Nc3 dxe4 4. Nxe4 Nd7 5. Nf3 Ngf6 6. Bd3 Be7 7. O-O O-O 8.
c3 b6 9. Qc2 Bb7 10. Bg5 h6 11. Bh4 Nd5 12. Bg3 f5 13. Ned2 f4 14. Rae1 fxg3
15. hxg3 N5f6 16. Rxe6 Re8 17. Nh4 Nf8 18. Re2 Bd6 19. Rfe1 Rxe2 20. Rxe2 Qd7
21. Nf5 Kh8 22. Nc4 Re8 23. Rxe8 Nxe8 24. Qd2 Qe6 25. Qe3 Kg8 26. Nd2 Kf7 27.
Be4 Qxa2 28. Qf3 Qa1+ 29. Kh2 Nf6 30. Nh4 Qxb2 {illisible} 0-1

[Event "Banff op U1600"]
[Site "Banff CAN"]
[Date "2022.11.12"]
[Round "4.47"]
[White "Ghoggali, Zayd"]
[Black "Kovalivskyi, Danylo"]
[Result "1/2-1/2"]
[WhiteElo "1389"]
[BlackElo "1135"]
[PlyCount "136"]
[EventDate "2022.11.11"]
[EventType "swiss"]
[EventRounds "6"]
[EventCountry "CAN"]

1. e4 e5 2. Nf3 Nc6 3. Bc4 Nf6 4. d3 Bc5 5. c3 d5 6. exd5 Nxd5 7. d4 exd4 8.
cxd4 Bb4+ 9. Bd2 Qe7+ 10. Qe2 Qxe2+ 11. Bxe2 Nf4 12. Kf1 Nxe2 13. Kxe2 O-O 14.
d5 Re8+ 15. Kf1 Bxd2 16. Nbxd2 Ne5 17. Re1 f6 18. Nxe5 Rxe5 19. Rxe5 fxe5 20.
Ne4 Bf5 21. f3 Rf8 22. Ke2 Rd8 23. g4 Bg6 24. h4 Bf7 25. Rc1 Bxd5 26. Rxc7 Bxa2
27. Rxb7 Bc4+ 28. Kf2 a6 29. b4 Bd5 30. Ra7 Bxe4 31. fxe4 Rd4 32. Rxa6 Rxb4 33.
Ke3 Rb3+ 34. Kf2 Rb7 35. Re6 Rb5 36. g5 Kf7 37. Rc6 Rb4 38. Kf3 Rb3+ 39. Kg4 g6
40. Rf6+ Kg7 41. Re6 Rb5 42. Re7+ Kg8 43. h5 gxh5+ 44. Kxh5 Rc5 45. g6 hxg6+
46. Kxg6 Kf8 47. Ra7 Ke8 48. Kf6 Kd8 49. Ke6 Kc8 50. Kd6 Rc4 51. Kxe5 Rc6 52.
Kd5 Rg6 53. e5 Kd8 54. e6 Ke8 55. Kd6 Kf8 56. Ke5 Ke8 57. Kf5 Rh6 58. Ke5 Rg6
59. Rh7 Kf8 60. Kf5 Rg1 61. Rf7+ Ke8 62. Ke5 Re1+ 63. Kd6 Rd1+ 64. Kc5 Rc1+ 65.
Kd5 Rd1+ 66. Ke5 Re1+ 67. Kf6 Rf1+ 68. Kg7 Rg1+ 1/2-1/2

[Event "Banff op U1600"]
[Site "Banff CAN"]
[Date "2022.11.12"]
[Round "4.50"]
[White "Maheux, Pierre"]
[Black "Slone, Jake"]
[Result "0-1"]
[WhiteElo "1582"]
[BlackElo "1216"]
[PlyCount "80"]
[EventDate "2022.11.11"]
[EventType "swiss"]
[EventRounds "6"]
[EventCountry "CAN"]

1. e4 e5 2. Nf3 Nc6 3. Bc4 Bc5 4. b4 Bxb4 5. c3 Be7 6. O-O Nf6 7. Re1 d6 8. d4
Bg4 9. d5 Nb8 10. Nbd2 O-O 11. Nf1 Bh5 12. Ng3 Bg6 13. Qb3 b6 14. a4 a6 15. Bd3
Nbd7 16. Qc4 Nc5 17. Bc2 Qd7 18. Be3 Rfc8 19. Bxc5 bxc5 20. a5 Qd8 21. Ba4 Nd7
22. Reb1 Nb8 23. Rb7 c6 24. Bb3 Rc7 25. Rb6 cxd5 26. exd5 Qc8 27. Ba4 Rb7 28.
Qb3 Raa7 29. Rxb7 Rxb7 30. Qc4 Qc7 31. Nd2 Qxa5 32. Nb3 Qc7 33. f4 exf4 34.
Qxf4 Bf6 35. Qc4 Rb6 36. Re1 h6 37. Re8+ Kh7 38. Ne4 Nd7 39. Bxd7 Qxd7 40. Ra8
Qb7 0-1

[Event "Banff op U1600"]
[Site "Banff CAN"]
[Date "2022.11.12"]
[Round "4.51"]
[White "McAllister, Adam"]
[Black "Ratte, James"]
[Result "1-0"]
[WhiteElo "1234"]
[BlackElo "1117"]
[PlyCount "55"]
[EventDate "2022.11.11"]
[EventType "swiss"]
[EventRounds "6"]
[EventCountry "CAN"]

1. e4 e6 2. d4 d5 3. e5 c5 4. c3 a6 5. Nf3 Nc6 6. Bd3 Qb6 7. dxc5 Bxc5 8. b4
Be7 9. O-O Bf8 10. a4 Qc7 11. Re1 Qb8 12. Ng5 g6 13. Nf3 Bg7 14. Bf4 Nge7 15.
b5 axb5 16. Bxb5 O-O 17. Qd2 Bd7 18. h4 Qc8 19. Bg5 Nf5 20. g4 Nfe7 21. Bf6 Re8
22. h5 Nxe5 23. Bxe5 Bxb5 24. Bxg7 Kxg7 25. h6+ Kf8 26. Qd4 Rd8 27. Qg7+ Ke8
28. Ne5 1-0

[Event "Banff op U1600"]
[Site "Banff CAN"]
[Date "2022.11.12"]
[Round "4.54"]
[White "Nguyen, Katherine"]
[Black "Bollinger, Fabio"]
[Result "0-1"]
[WhiteElo "889"]
[BlackElo "1205"]
[PlyCount "118"]
[EventDate "2022.11.11"]
[EventType "swiss"]
[EventRounds "6"]
[EventCountry "CAN"]

1. e4 c6 2. d4 d5 3. e5 c5 4. c3 Nc6 5. Ne2 Bf5 6. g3 Be4 7. Rg1 e6 8. Bg2 Bxg2
9. Rxg2 c4 10. b3 b5 11. Bb2 Nge7 12. a4 Qb6 13. Ra2 g6 14. b4 Bg7 15. f4 O-O
16. a5 Qb7 17. Nd2 a6 18. Nf3 Nf5 19. Qd2 Qe7 20. g4 Nh4 21. Nxh4 Qxh4+ 22. Kf1
Qe7 23. g5 Qd7 24. h4 Ne7 25. Ng3 Nf5 26. Nxf5 exf5 27. Ra1 Qe6 28. Re1 Rfe8
29. Qe3 f6 30. Rge2 fxg5 31. hxg5 Ra7 32. Kf2 h6 33. gxh6 Bxh6 34. Ba3 Rh7 35.
Qg3 Bf8 36. Rg1 Kg7 37. Qg5 Be7 38. Qg3 Bh4 39. Qxh4 Rxh4 40. Kf3 Reh8 41. Bc1
Rh3+ 42. Kg2 Rh2+ 43. Kf1 Rxe2 44. Kxe2 Rh2+ 45. Kf1 Rc2 46. Be3 Rxc3 47. Rg3
Rb3 48. Kf2 Rxb4 49. Bd2 Rb3 50. Be3 c3 51. Bc1 b4 52. Ke2 Qc6 53. Bd2 Qc4+ 54.
Ke1 cxd2+ 55. Kxd2 Rxg3 56. e6 Qd3+ 57. Ke1 Qe3+ 58. Kd1 Rg2 59. e7 Qd2# 0-1

[Event "Banff op U1600"]
[Site "Banff CAN"]
[Date "2022.11.12"]
[Round "4.58"]
[White "Yu, Marvin"]
[Black "McCall, Gordon"]
[Result "1-0"]
[WhiteElo "1115"]
[BlackElo "1306"]
[PlyCount "89"]
[EventDate "2022.11.11"]
[EventType "swiss"]
[EventRounds "6"]
[EventCountry "CAN"]

1. e4 c5 2. Nc3 g6 3. g3 Bg7 4. Bg2 e6 5. Nge2 Nc6 6. O-O Nge7 7. d3 O-O 8. f4
d6 9. Be3 Nd4 10. Qd2 Bd7 11. Bxd4 cxd4 12. Nd1 f5 13. exf5 Qb6 14. fxg6 Nxg6
15. Rb1 Rae8 16. Nf2 Bc6 17. Ne4 Bd5 18. b3 Rf7 19. Ng5 Bxg2 20. Kxg2 Qc6+ 21.
Kg1 Rfe7 22. Nf3 e5 23. f5 Rf7 24. Nfxd4 exd4 25. fxg6 Rxf1+ 26. Rxf1 hxg6 27.
Rf2 Rf8 28. Rxf8+ Bxf8 29. Nxd4 Qc5 30. c3 Bg7 31. b4 Bxd4+ 32. cxd4 Qxd4+ 33.
Kf1 Qa1+ 34. Ke2 Qe5+ 35. Kf3 g5 36. Kg4 Kf7 37. Qxg5 Qd4+ 38. Qf4+ Qf6 39.
Qxf6+ Kxf6 40. Kf4 Ke6 41. h4 Kf6 42. h5 Kg7 43. Kf5 Kh6 44. g4 b5 45. Ke6 1-0

[Event "Banff op U1600"]
[Site "Banff CAN"]
[Date "2022.11.13"]
[Round "5.44"]
[White "Mikusek, Jerry"]
[Black "Bajcetic, Branko"]
[Result "0-1"]
[WhiteElo "1500"]
[BlackElo "1305"]
[PlyCount "72"]
[EventDate "2022.11.11"]
[EventType "swiss"]
[EventRounds "6"]
[EventCountry "CAN"]

1. d4 Nf6 2. Bf4 d5 3. Nf3 Bg4 4. e3 e6 5. Nbd2 c5 6. c3 a6 7. Be2 Bd6 8. Ne5
Bxe2 9. Qxe2 Nc6 10. Ndf3 Nh5 11. Nxf7 Nxf4 12. exf4 Kxf7 13. Ng5+ Kg6 14.
Qxe6+ Qf6 15. f5+ Kh5 16. g4+ Kh4 17. Nf3+ Kh3 18. Qxd5 Rae8+ 19. Kf1 cxd4 20.
Ng5+ Qxg5 21. Qxd6 Qxg4 22. Qg3+ Qxg3 23. hxg3+ Kg4 24. cxd4 Kxf5 25. Rd1 Rd8
26. Rh4 g5 27. Rh6 Rd7 28. Kg2 Nxd4 29. Rb6 Rhd8 30. f3 Nc6 31. Rxd7 Rxd7 32.
Rb3 Kf6 33. g4 b5 34. Rc3 Ne5 35. Rc2 Nc4 36. Kg3 Rd2 0-1

[Event "Banff op U1600"]
[Site "Banff CAN"]
[Date "2022.11.13"]
[Round "5.46"]
[White "Alpuri, Aaqil"]
[Black "Bruneau, Gilles"]
[Result "1-0"]
[WhiteElo "1423"]
[BlackElo "1392"]
[PlyCount "61"]
[EventDate "2022.11.11"]
[EventType "swiss"]
[EventRounds "6"]
[EventCountry "CAN"]

1. d4 Nf6 2. c4 g6 3. Nc3 Bg7 4. e4 d6 5. Nf3 O-O 6. Be2 Nfd7 7. Be3 e5 8. d5
b6 9. Nd2 Qe7 10. O-O Nc5 11. Nb3 Bb7 12. Nxc5 bxc5 13. Qd2 Nd7 14. Rab1 a6 15.
a3 f5 16. f3 Rab8 17. b4 f4 18. Bf2 Bc8 19. Na4 Rb7 20. bxc5 Rxb1 21. Rxb1 Nxc5
22. Nxc5 dxc5 23. Qa5 Qd7 24. Bxc5 Rf6 25. Bf2 g5 26. c5 c6 27. d6 h5 28. Bxa6
Bxa6 29. Qxa6 g4 30. Rb7 Qe6 31. d7 1-0

[Event "Banff op U1600"]
[Site "Banff CAN"]
[Date "2022.11.13"]
[Round "5.48"]
[White "Slone, Jake"]
[Black "Ghoggali, Zayd"]
[Result "1-0"]
[WhiteElo "1216"]
[BlackElo "1389"]
[PlyCount "66"]
[EventDate "2022.11.11"]
[EventType "swiss"]
[EventRounds "6"]
[EventCountry "CAN"]

1. Nf3 Nf6 2. g3 c5 3. Bg2 Nc6 4. d4 e6 5. c4 d5 6. O-O Bd6 7. cxd5 exd5 8.
dxc5 Bxc5 9. Nc3 d4 10. Nb1 h6 11. Qc2 Ne4 12. Qxe4+ Be6 13. Nbd2 Qf6 14. Nb3
Bb6 15. Bf4 g5 16. Be5 Nxe5 17. Qxe5 Qxe5 18. Nxe5 Rb8 19. Rfd1 Bxb3 20. axb3
Ke7 21. Nc4 Bc5 22. b4 Bxb4 23. Rxd4 Ke6 24. Rd3 Rhc8 25. Bh3+ f5 26. b3 g4 27.
Bg2 a6 28. Bd5+ Kf6 29. Nb6 Rd8 30. Rc1 Ba5 31. Nc4 Rbc8 32. Bxb7 Rxd3 33. Bxc8
Rxb3 1-0

[Event "Banff op U1600"]
[Site "Banff CAN"]
[Date "2022.11.13"]
[Round "5.50"]
[White "Yu, Marvin"]
[Black "Lu, Kevin"]
[Result "0-1"]
[WhiteElo "1115"]
[BlackElo "1498"]
[PlyCount "104"]
[EventDate "2022.11.11"]
[EventType "swiss"]
[EventRounds "6"]
[EventCountry "CAN"]

1. e4 e5 2. Nf3 Nc6 3. Bc4 Bc5 4. O-O Nf6 5. d3 d6 6. h3 h6 7. Nc3 Be6 8. Bb3
O-O 9. Nd5 Bxd5 10. exd5 Nb4 11. c4 Re8 12. d4 exd4 13. a3 Na6 14. Bc2 c6 15.
b4 Bb6 16. dxc6 bxc6 17. Nxd4 c5 18. Nc6 Qc7 19. b5 Nb8 20. Qf3 Nxc6 21. bxc6
Rac8 22. Bb2 Nh7 23. Bf5 Rcd8 24. Bd7 Re7 25. Rfe1 Rexd7 26. cxd7 Qxd7 27. Re2
Ba5 28. Bc3 Ng5 29. Qd3 Bb6 30. Rae1 Ne6 31. g3 Qc6 32. Qd5 Qd7 33. f4 Nc7 34.
Qg2 d5 35. Rd1 d4 36. Bb2 Qa4 37. Rc1 d3 38. Rd2 Ba5 39. Rdd1 d2 40. Rb1 Qc2
41. Qf3 Rb8 42. Rf1 Rxb2 43. Qd1 Qxc4 44. Rxb2 Qd4+ 45. Kg2 Qxb2 46. a4 Nd5 47.
Qg4 Ne3+ 48. Kf3 Nxg4 49. Kxg4 Qc2 50. h4 d1=Q+ 51. Kh3 Qxf1+ 52. Kg4 Qg6# 0-1

[Event "Banff op U1600"]
[Site "Banff CAN"]
[Date "2022.11.13"]
[Round "5.53"]
[White "Xu, Samuel"]
[Black "Shepherd, Zachary"]
[Result "0-1"]
[WhiteElo "627"]
[BlackElo "1185"]
[PlyCount "66"]
[EventDate "2022.11.11"]
[EventType "swiss"]
[EventRounds "6"]
[EventCountry "CAN"]

1. e4 c5 2. Nf3 d6 3. d4 cxd4 4. Nxd4 Nf6 5. Nc3 g6 6. Bb5+ Bd7 7. Bxd7+ Nbxd7
8. Be3 Bg7 9. O-O O-O 10. Qe2 a6 11. h3 Rc8 12. Rfd1 b5 13. a3 Ne5 14. Rab1 Nc4
15. b3 Nxa3 16. Ra1 Rxc3 17. Rxa3 Qc8 18. f3 e5 19. Rc1 exd4 20. Bxd4 Rc6 21.
Ra2 Re8 22. Qf2 d5 23. exd5 Nxd5 24. Bxg7 Kxg7 25. Qd4+ Nf6 26. g4 Kg8 27. g5
Nh5 28. h4 Qh3 29. Qf2 Rce6 30. Raa1 Re2 31. Rf1 Ng3 32. Qxg3 Qxg3+ 33. Kh1
Qh2# 0-1

[Event "Banff op U1600"]
[Site "Banff CAN"]
[Date "2022.11.13"]
[Round "5.55"]
[White "Ratte, James"]
[Black "Maheux, Pierre"]
[Result "0-1"]
[WhiteElo "1117"]
[BlackElo "1582"]
[PlyCount "46"]
[EventDate "2022.11.11"]
[EventType "swiss"]
[EventRounds "6"]
[EventCountry "CAN"]

1. d4 c5 2. e3 e6 3. Nf3 Nf6 4. Bd3 d5 5. O-O c4 6. Be2 Nc6 7. b3 cxb3 8. cxb3
Bd6 9. Bb2 O-O 10. Nbd2 Re8 11. Ne5 Nd7 12. Ndf3 f6 13. Nxc6 bxc6 14. Bd3 Nf8
15. e4 e5 16. Re1 Bg4 17. h3 Bxf3 18. Qxf3 exd4 19. exd5 c5 20. Ba3 Qa5 21. Bb2
Rxe1+ 22. Rxe1 Qxe1+ 23. Bf1 Re8 0-1

[Event "Banff op U1600"]
[Site "Banff CAN"]
[Date "2022.11.13"]
[Round "5.56"]
[White "Christopher, Jack"]
[Black "Vaagen, Nicholas"]
[Result "1-0"]
[WhiteElo "768"]
[BlackElo "1138"]
[PlyCount "41"]
[EventDate "2022.11.11"]
[EventType "swiss"]
[EventRounds "6"]
[EventCountry "CAN"]

1. e4 c6 2. Nc3 d5 3. d4 dxe4 4. Nxe4 Nf6 5. Nxf6+ exf6 6. Nf3 Bd6 7. Bc4 O-O
8. O-O b5 9. Bb3 Be6 10. d5 cxd5 11. Bxd5 Bxd5 12. Kh1 Bb7 13. Nd4 Qd7 14. Qe2
a6 15. Re1 Nc6 16. Nf3 Rfe8 17. Be3 Bc5 18. Rad1 Qc7 19. Qd3 Rad8 20. Bxc5 Rxd3
21. Rxe8# 1-0

[Event "Banff op U1600"]
[Site "Banff CAN"]
[Date "2022.11.13"]
[Round "5.57"]
[White "Nguyen, Katherine"]
[Black "Fang, Chelsea"]
[Result "1/2-1/2"]
[WhiteElo "889"]
[BlackElo "1039"]
[PlyCount "126"]
[EventDate "2022.11.11"]
[EventType "swiss"]
[EventRounds "6"]
[EventCountry "CAN"]

1. e4 c5 2. Nf3 d6 3. c3 g6 4. d4 cxd4 5. cxd4 Bg7 6. Nc3 Nf6 7. Be2 O-O 8. O-O
b6 9. Re1 Bb7 10. Bc4 Nbd7 11. e5 dxe5 12. Nxe5 Nxe5 13. dxe5 Qxd1 14. Rxd1 Ng4
15. e6 Ne5 16. exf7+ Nxf7 17. Nd5 Bxd5 18. Bxd5 Rad8 19. Rb1 e6 20. Bf3 Rxd1+
21. Bxd1 Ne5 22. Bb3 Rf6 23. Bg5 Rf8 24. Bxe6+ Kh8 25. Rc1 Nd3 26. Rc2 Nxb2 27.
Rc7 a5 28. Rb7 Na4 29. Bb3 Re8 30. g3 Nc5 31. Rxb6 Nxb3 32. axb3 Ra8 33. Bf4
Bd4 34. Rb8+ Rxb8 35. Bxb8 Kg7 36. Bc7 Bc3 37. Kf1 Kf6 38. Ke2 Ke6 39. Kd3 Kd7
40. Kxc3 Kxc7 41. b4 axb4+ 42. Kxb4 Kd6 43. Kc4 Ke5 44. Kd3 Kf5 45. h3 h5 46.
Ke3 g5 47. Kf3 g4+ 48. hxg4+ hxg4+ 49. Ke3 Ke5 50. f3 Kf5 51. fxg4+ Kxg4 52.
Kf2 Kf5 53. Kf3 Kg5 54. g4 Kg6 55. Kf4 Kf6 56. g5+ Kg6 57. Kg4 Kf7 58. Kh5 Kg7
59. g6 Kg8 60. Kh6 Kh8 61. Kg5 Kg7 62. Kf5 Kg8 63. Kf6 Kf8 1/2-1/2

[Event "Banff op U1600"]
[Site "Banff CAN"]
[Date "2022.11.13"]
[Round "6.43"]
[White "Bajcetic, Branko"]
[Black "McCoshen, Ricky"]
[Result "1/2-1/2"]
[WhiteElo "1305"]
[BlackElo "1618"]
[PlyCount "69"]
[EventDate "2022.11.11"]
[EventType "swiss"]
[EventRounds "6"]
[EventCountry "CAN"]

1. e4 e6 2. d4 d5 3. e5 c5 4. c3 Nc6 5. Nf3 Nge7 6. Bd3 Nf5 7. g4 Nh4 8. Bb5
Bd7 9. Bxc6 Bxc6 10. Qe2 Nxf3+ 11. Qxf3 Be7 12. Be3 Rc8 13. O-O O-O 14. Nd2 f6
15. Qg3 fxe5 16. Qxe5 Qd7 17. Qg3 Bb5 18. Rfe1 Bd6 19. Qg2 Qf7 20. b3 b6 21. a4
Ba6 22. Nb1 Rc7 23. Na3 cxd4 24. Bxd4 e5 25. Bxe5 Bxe5 26. Rxe5 Rxc3 27. Nb5
Bxb5 28. axb5 d4 29. Qd5 Rc7 30. Rf5 Qxd5 31. Rxd5 Rf4 32. Rd1 Rxg4+ 33. Kf1
Rc3 34. R5xd4 Rxb3 35. Rd5 1/2-1/2

[Event "Banff op U1600"]
[Site "Banff CAN"]
[Date "2022.11.13"]
[Round "6.44"]
[White "Ratte, Daniel"]
[Black "Alpuri, Aaqil"]
[Result "1/2-1/2"]
[WhiteElo "1436"]
[BlackElo "1423"]
[PlyCount "51"]
[EventDate "2022.11.11"]
[EventType "swiss"]
[EventRounds "6"]
[EventCountry "CAN"]

1. e4 c5 2. Nf3 Nc6 3. Bb5 e6 4. Bxc6 bxc6 5. O-O Ne7 6. Qe2 g6 7. Rd1 Bg7 8.
c3 d5 9. e5 O-O 10. d4 cxd4 11. cxd4 Qb6 12. Nc3 Ba6 13. Qc2 Bb5 14. b3 Rac8
15. Ba3 Rfe8 16. Bc5 Qb7 17. Nxb5 cxb5 18. Qb2 Nc6 19. b4 Nb8 20. Nd2 Nd7 21.
Nb3 Bf8 22. Rac1 Nb6 23. Bxf8 Rxf8 24. Nc5 Qe7 25. Qe2 Nc4 26. Qg4 1/2-1/2

[Event "Banff op U1600"]
[Site "Banff CAN"]
[Date "2022.11.13"]
[Round "6.45"]
[White "Zhang, James"]
[Black "Slone, Jake"]
[Result "1-0"]
[WhiteElo "1474"]
[BlackElo "1216"]
[PlyCount "117"]
[EventDate "2022.11.11"]
[EventType "swiss"]
[EventRounds "6"]
[EventCountry "CAN"]

1. e4 e5 2. Nf3 Nc6 3. d4 exd4 4. Nxd4 Nf6 5. Nxc6 bxc6 6. e5 Qe7 7. Qe2 Nd5 8.
c4 Ba6 9. h4 h6 10. Rh3 g6 11. b3 Bg7 12. f4 Nb6 13. Ba3 c5 14. Qf2 d6 15. Nd2
O-O-O 16. Re3 Rhe8 17. O-O-O Bb7 18. Nf3 Qe6 19. Nd2 a5 20. Rde1 Qd7 21. Rd3
Qe6 22. Rde3 Qd7 23. Rd3 Qe7 24. Nf3 Qf8 25. g3 Bc6 26. Bh3+ Kb7 27. exd6 cxd6
28. Rxe8 Rxe8 29. Bb2 Bxb2+ 30. Kxb2 Qe7 31. Bf1 Qf6+ 32. Ka3 a4 33. Qb2 Qe6
34. Qf2 Ra8 35. Kb2 Qf6+ 36. Rc3 axb3 37. axb3 Rb8 38. Nd2 Kc7 39. Kc2 Ra8 40.
Kb2 Ra2+ 41. Kxa2 Qxc3 42. Bg2 Qc2+ 43. Ka1 Qc3+ 44. Ka2 Bd7 45. Ne4 Qa5+ 46.
Kb2 Bf5 47. Qf3 d5 48. cxd5 Nxd5 49. g4 Bxe4 50. Qxe4 Qc3+ 51. Kb1 Qxb3+ 52.
Kc1 Qa3+ 53. Kd2 Qa2+ 54. Ke1 Qa1+ 55. Kf2 Qa2+ 56. Kg3 Kd6 57. Qe8 Qb3+ 58.
Kh2 c4 59. Qd8+ 1-0

[Event "Banff op U1600"]
[Site "Banff CAN"]
[Date "2022.11.13"]
[Round "6.47"]
[White "Shepherd, Zachary"]
[Black "Mikusek, Jerry"]
[Result "1-0"]
[WhiteElo "1185"]
[BlackElo "1500"]
[PlyCount "53"]
[EventDate "2022.11.11"]
[EventType "swiss"]
[EventRounds "6"]
[EventCountry "CAN"]

1. d4 c6 2. c4 d5 3. Nc3 Nf6 4. e3 Bf5 5. cxd5 cxd5 6. Qb3 Qd7 7. Nf3 Nc6 8.
Bd2 e6 9. Bb5 Bd6 10. Ne5 Qc7 11. Qa4 Rc8 12. Nxc6 bxc6 13. Be2 O-O 14. g3 Ne4
15. Qd1 Bh3 16. Nxe4 dxe4 17. Bg4 Bxg4 18. Qxg4 f5 19. Qe2 Qb6 20. Bc3 c5 21.
dxc5 Bxc5 22. O-O Rfd8 23. Rfd1 Rd5 24. Rxd5 exd5 25. Rd1 Qe6 26. Qb5 Qd6 27.
Qb7 1-0

[Event "Banff op U1600"]
[Site "Banff CAN"]
[Date "2022.11.13"]
[Round "6.51"]
[White "Maheux, Pierre"]
[Black "Li, Ryan"]
[Result "1-0"]
[WhiteElo "1582"]
[BlackElo "1146"]
[PlyCount "77"]
[EventDate "2022.11.11"]
[EventType "swiss"]
[EventRounds "6"]
[EventCountry "CAN"]

1. e4 c6 2. d4 d5 3. e5 Bf5 4. Bd3 Bxd3 5. Qxd3 e6 6. Nf3 c5 7. c3 Nc6 8. O-O
Nge7 9. Ng5 Nf5 10. g4 Nfe7 11. f4 cxd4 12. cxd4 Qb6 13. Nf3 Nb4 14. Qb3 Nec6
15. Be3 a5 16. Nc3 Qa6 17. Na4 b5 18. Nc5 Bxc5 19. dxc5 a4 20. Qc3 O-O 21. a3
d4 22. Bxd4 Nxd4 23. Nxd4 Nd5 24. Qd3 Qa7 25. Rac1 Rac8 26. c6 b4 27. Kg2 Rfd8
28. Qe4 Nf6 29. Nb5 Qf2+ 30. Rxf2 Nxe4 31. Re2 Nd2 32. Nd6 Nb3 33. Nxc8 Nxc1
34. Rc2 Nd3 35. Nd6 Nxf4+ 36. Kg3 Nd3 37. c7 Ra8 38. c8=Q+ Rxc8 39. Rxc8# 1-0

[Event "Banff op U1600"]
[Site "Banff CAN"]
[Date "2022.11.13"]
[Round "6.52"]
[White "Christopher, Jack"]
[Black "Kovalivskyi, Danylo"]
[Result "0-1"]
[WhiteElo "768"]
[BlackElo "1135"]
[PlyCount "79"]
[EventDate "2022.11.11"]
[EventType "swiss"]
[EventRounds "6"]
[EventCountry "CAN"]

1. e4 e5 2. f4 Nc6 3. Nf3 d6 4. Bc4 Be7 5. O-O Nf6 6. d3 Bg4 7. fxe5 Nxe5 8.
Nbd2 O-O 9. Bb3 c6 10. d4 Nxf3+ 11. Nxf3 Nxe4 12. Qd3 d5 13. Ne5 Be6 14. Nf3
Bh4 15. c3 f5 16. Ne5 Bf6 17. Nf3 h6 18. Re1 g5 19. Nd2 Qd7 20. Qh3 Kg7 21. Qf3
Qd6 22. Bc2 g4 23. Qf1 Bh4 24. g3 Nxg3 25. hxg3 Qxg3+ 26. Qg2 Qxg2+ 27. Kxg2
Bxe1 28. Nf1 Bh4 29. Bf4 Bg5 30. Be5+ Kg8 31. Re1 Bh4 32. Ng3 Bxg3 33. Bxg3 Rf6
34. Bh4 Rg6 35. Re5 Rf8 36. Kf2 Re8 37. Bxf5 Rf8 38. Kg3 Rxf5 39. Re2 Rf3+ 40.
Kg2 {illisible} 0-1

[Event "Banff op U1600"]
[Site "Banff CAN"]
[Date "2022.11.13"]
[Round "6.53"]
[White "Ghoggali, Zayd"]
[Black "Bollinger, Fabio"]
[Result "1-0"]
[WhiteElo "1389"]
[BlackElo "1205"]
[PlyCount "95"]
[EventDate "2022.11.11"]
[EventType "swiss"]
[EventRounds "6"]
[EventCountry "CAN"]

1. e4 c6 2. d4 d5 3. e5 c5 4. c3 cxd4 5. cxd4 Nc6 6. Nf3 Bf5 7. Be2 e6 8. O-O
Be7 9. Nbd2 Nh6 10. a3 O-O 11. Re1 Qb6 12. Nf1 Be4 13. Bxh6 Bxf3 14. Bxf3 gxh6
15. b4 Nxd4 16. Re3 Bg5 17. Rd3 Nc6 18. Bh5 Nxe5 19. Rg3 Kh8 20. Qe2 f6 21. Ne3
Rac8 22. Ng4 Nxg4 23. Qxg4 Rc4 24. Qe2 Rfc8 25. Rd3 Qc6 26. Rad1 Re4 27. Qf1
Rd8 28. f3 Rh4 29. Bg4 f5 30. g3 fxg4 31. gxh4 Bxh4 32. fxg4 Qd6 33. Rh3 Rf8
34. Rf3 Kg7 35. Rxf8 Qxf8 36. Qxf8+ Kxf8 37. Rc1 Bd8 38. Kg2 e5 39. Rc5 Ke7 40.
Rxd5 Bc7 41. Kf3 Ke6 42. Ke4 a6 43. a4 b6 44. b5 axb5 45. axb5 Bd6 46. h3 Bc7
47. Rd1 Bd8 48. Rxd8 1-0

[Event "Banff op U1600"]
[Site "Banff CAN"]
[Date "2022.11.13"]
[Round "6.55"]
[White "Gougeon, Patrick"]
[Black "Xu, Samuel"]
[Result "1-0"]
[WhiteElo "1128"]
[BlackElo "627"]
[PlyCount "113"]
[EventDate "2022.11.11"]
[EventType "swiss"]
[EventRounds "6"]
[EventCountry "CAN"]

1. f4 d5 2. Nf3 Nc6 3. e3 Nf6 4. Bb5 Bd7 5. b3 a6 6. Bxc6 Bxc6 7. Ne5 e6 8.
Nxc6 bxc6 9. Bb2 Bd6 10. O-O O-O 11. d3 Rb8 12. Nd2 Re8 13. Nf3 c5 14. Ne5 Nd7
15. Nc6 Qc8 16. Nxb8 Qxb8 17. Qg4 Nf6 18. Bxf6 Bf8 19. Rf3 g6 20. Rh3 h6 21.
Rf1 Qc8 22. Rff3 Kh7 23. Rfg3 Bg7 24. Bxg7 Kxg7 25. Qh4 Rh8 26. Qe7 Qd8 27.
Qxc5 Qf6 28. Qd4 Qxd4 29. exd4 f5 30. Re3 Kf6 31. Rhf3 Rb8 32. c4 dxc4 33. dxc4
Rd8 34. Rd3 Ke7 35. d5 exd5 36. Rfe3+ Kf6 37. Rxd5 Ra8 38. Rd7 Ra7 39. Ree7 g5
40. fxg5+ hxg5 41. Rxc7 Ra8 42. Rcd7 Rh8 43. Re1 Ra8 44. h3 f4 45. g4 fxg3 46.
Kg2 Kf5 47. Kxg3 Kf6 48. Rd6+ Kf7 49. Ree6 Kf8 50. Rh6 Ke7 51. Rb6 Kf8 52. Rh8+
Ke7 53. Rxa8 Kd7 54. Rh6 Kc7 55. Rg8 Kd7 56. Rg7+ Ke8 57. Rh8# 1-0

[Event "Banff op U1600"]
[Site "Banff CAN"]
[Date "2022.11.13"]
[Round "6.56"]
[White "Zhang, Finley"]
[Black "Yu, Marvin"]
[Result "1-0"]
[WhiteElo "1004"]
[BlackElo "1115"]
[PlyCount "49"]
[EventDate "2022.11.11"]
[EventType "swiss"]
[EventRounds "6"]
[EventCountry "CAN"]

1. e4 e5 2. Nf3 Nc6 3. Bb5 a6 4. Ba4 b5 5. Bb3 Nf6 6. O-O Bc5 7. Nxe5 Nxe5 8.
d4 Bd6 9. dxe5 Bxe5 10. Re1 c6 11. c3 Qc7 12. h3 O-O 13. Nd2 Qb6 14. Nf3 Bb8
15. Be3 Qd8 16. e5 Ne8 17. e6 Nd6 18. exf7+ Nxf7 19. Bg5 Qb6 20. Be7 Re8 21.
Bxf7+ Kxf7 22. Ng5+ Kg8 23. Qh5 Rxe7 24. Qxh7+ Kf8 25. Qh8# 1-0

[Event "Banff op U1600"]
[Site "Banff CAN"]
[Date "2022.11.13"]
[Round "6.57"]
[White "Fang, Chelsea"]
[Black "Ratte, James"]
[Result "1-0"]
[WhiteElo "1039"]
[BlackElo "1117"]
[PlyCount "23"]
[EventDate "2022.11.11"]
[EventType "swiss"]
[EventRounds "6"]
[EventCountry "CAN"]

1. d4 d5 2. c4 e6 3. Nc3 c5 4. Nf3 Nc6 5. e3 Qb6 6. cxd5 exd5 7. Nxd5 Qd8 8. e4
Be6 9. Bc4 b5 10. Bxb5 Qa5+ 11. Bd2 Bxd5 12. Bxa5 1-0